000 00371nam a2200145Ia 4500
008 230917s9999||||xx |||||||||||||| ||und||
040 _e40368
_aMAIN
041 _aEnglish
082 _a810.9 B453I
100 _aBerghahn, Marion
245 0 _aImages of Africa in black American literature
260 _aLondon
_bMacmillan
_c1977
300 _aix, 230 p.
942 _cBK
999 _c198683
_d198683